[Event "Valdivia op 2nd"]
[Site "Valdivia"]
[Date "2021.09.17"]
[Round "1"]
[White "Juarez Silva, Gabriel"]
[Black "Valdes Escobar, Alvaro Daniel"]
[Result "0-1"]
[WhiteElo "1678"]
[BlackElo "2355"]
[PlyCount "100"]
[EventDate "2021.09.16"]
[EventType "swiss"]
[EventRounds "6"]
[EventCountry "CHI"]
[SourceTitle "CBM 204 Extra"]
[Source "ChessBase"]
[SourceDate "2021.11.30"]
[SourceVersion "1"]
[SourceVersionDate "2021.11.30"]
[SourceQuality "1"]

1. e4 c5 2. Nf3 d6 3. d3 Nc6 4. g3 g6 5. Bg2 Bg7 6. c3 e5 7. 0-0 Nge7 8. a4 0-0 9. Nbd2 h6 10. Nh4 Be6 11. f4 Qd7 12. f5 gxf5 13. exf5 Nxf5 14. Nxf5 Bxf5 15. Ne4 Bg4 16. Qb3 Be6 17. Qb5 f5 18. Nd2 Rab8 19. a5 Ne7 20. Qxd7 Bxd7 21. Re1 Bc6 22. Nc4 Rbd8 23. Bd2 Bxg2 24. Kxg2 Nc6 25. a6 d5 26. Na5 Nxa5 27. Rxa5 b6 28. Ra4 e4 29. dxe4 fxe4 30. Bf4 Rfe8 31. Kf2 d4 32. cxd4 cxd4 33. Ke2 Re6 34. Rc4 b5 35. Rc5 Rxa6 36. Rxb5 Rb6 37. Rxb6 axb6 38. Kd2 Re8 39. Rc1 Re6 40. b3 Kf7 41. g4 Bf8 42. Rc7+ Kg6 43. Rc1 Bc5 44. Ke2 h5 45. h3 hxg4 46. hxg4 Rf6 47. Be5 d3+ 48. Kd2 Rf2+ 49. Kc3 Kg5 50. Bd4 Re2 0-1